000 00305nam a2200121Ia 4500
008 240731s9999 xx 000 0 und d
022 _a1757-8426
245 0 _aJournal of Corporate Law Studies
260 _bRoutledge
856 _uhttps://www.tandfonline.com/loi/rcls20
942 _2ddc
942 _cTFEJ
999 _c77586
_d77586
945 _a1
_bMadushi Gamage
_c1
_dMadushi Gamage